000 00552nam a2200205Ia 4500
005 20250508163711.0
008 008 250505s9999 xx 000 0 hin d
020 _a81-7028-207-1
037 _aTextual
040 _aFEDL
_beng
_cFEDL
041 _ahin
_2hin
084 _a305.56, JAG
_qFEDL
100 _aJagjivan Ram
245 0 _aBharat mein jativad aur harijan samasya
260 _aDelhi, India
_bRajpal and Sons
_c1996
300 _a104p.
365 _aINR
_b70
942 _cTEXL
_h305.56, JAG
999 _c1384782
_d1384782